Statistics for Famous Historical Figures: Military Dictatorships

Click here to take the quiz!

General Stats

  • This quiz has been taken 117 times
  • The average score is 5 of 15

Answer Stats

HintAnswer% Correct
Roman dictator, 49-44BC; assassinated on the Ides of MarchJulius Caesar
95%
Called "father of the turks", undertook secular reforms to make his country progressiveMustafa Kemal Atatürk
71%
Killed 100000-500000 people, expelled Asians and called himself "the conquerer of the British Empire"Idi Amin
54%
Also known as "Papa Doc", ruled Haiti with an iron fist.François Duvalier
53%
President of "europe's last dictatorship", ordered that a Ryanair plane land forcibly to remove a passenger.Alexander Lukashenko
47%
Notorious for throwing political opponents down helicopters, used the economic policies of the Chicago boysAugusto Pinochet
42%
Corporatist that controlled Portugal under the Estado Novo, refusing to give up any coloniesAntónio de Oliveira Salazar
35%
Instigated the white terror after he lost a civil war and ran to an islandChiang Kai-Shek
30%
Stole 5-10 billion dollars from his national bank, holds Guinness world record for greatest robbery of a government, deposed in the People Power RevolutionFerdinand Marcos
26%
Most corrupt leader in modern history, his New Order caused enormous economic growth until the Asian financial crisisSuharto
19%
Declared himself emperor at a lavish ceremony that no-one important attended, inspired by NapoleonJean-Bédel Bokassa
18%
Banned western clothing and names, used the concorde to go shoppingMobutu Sese Seko
17%
President of Cameroon since 1982, the longest-serving non-royal leader in the worldPaul Biya
11%
Killed while inspecting the frontlines, president of Chad for thirty yearsIdriss Déby
10%
President of South Korea's fifth republic between 1980 and 1988, killed 600 people during the Guanju uprisingChun Doo-Hwan
6%

Score Distribution

Percentile by Number Answered

Percent of People with Each Score

Your Score History

You have not taken this quiz